|
|
|
|
| LEADER |
00000cam a2200000 7i4500 |
| 001 |
0000053204 |
| 005 |
20241025161045.0 |
| 006 |
a# ### ###s |
| 007 |
ta |
| 008 |
231027n my eng |
| 040 |
|
|
|a MBPJ
|b eng
|c MBPJ
|e rda
|
| 090 |
0 |
0 |
|a MON 179
|
| 245 |
1 |
0 |
|a ESTABLISHMENT ORGANIZATION AND SUPERVISION OF LOCAL AUTHORITIES IN THE FEDERATION OF MALAYA
|
| 264 |
|
0 |
|a [place of publication not identified] :
|b [publisher not identified]
|c [date of publication not identified]
|
| 300 |
|
|
|a 28 pages ;
|c 24 cm.
|
| 336 |
|
|
|a text
|2 rdacontent
|
| 337 |
|
|
|a unmediated
|2 rdamedia
|
| 338 |
|
|
|a volume
|2 rdacarrier
|
| 500 |
|
|
|a Bahan monograf - (27/10/2023)
|
| 500 |
|
|
|a Library has 2 copies
|
| 650 |
0 |
0 |
|a Local government
|z Malaysia
|
| 999 |
|
|
|a 126491
|b BAHAN MONOGRAF
|c KOLEKSI BAHAN ARKIB
|e PERPUSTAKAAN KOMUNITI PETALING JAYA
|
| 999 |
|
|
|a 126495
|b BAHAN MONOGRAF
|c KOLEKSI BAHAN ARKIB
|e PERPUSTAKAAN KOMUNITI PETALING JAYA
|